| 000 | 01373nam a2200349 a 4500 | ||
|---|---|---|---|
| 001 | ebr10476081 | ||
| 003 | CaPaEBR | ||
| 006 | m u | ||
| 007 | cr cn||||||||| | ||
| 008 | 100611s2011 maua sb 001 0 eng d | ||
| 010 | _z 2010022682 | ||
| 020 | _z9780262015066 (hardcover : alk. paper) | ||
| 020 | _z9780262295390 (e-book) | ||
| 040 |
_aCaPaEBR _cCaPaEBR |
||
| 035 | _a(OCoLC)742513505 | ||
| 050 | 1 | 4 |
_aQA76.889 _b.R54 2011eb |
| 082 | 0 | 4 |
_a004.1 _222 |
| 100 | 1 |
_aRieffel, Eleanor, _d1965- |
|
| 245 | 1 | 0 |
_aQuantum computing _h[electronic resource] : _ba gentle introduction / _cEleanor Rieffel and Wolfgang Polak. |
| 260 |
_aCambridge, Mass. : _bMIT Press, _c2011. |
||
| 300 |
_axiii, 372 p. : _bill. |
||
| 490 | 1 | _aScientific and engineering computation | |
| 504 | _aIncludes bibliographical references and indexes. | ||
| 533 |
_aElectronic reproduction. _bPalo Alto, Calif. : _cebrary, _d2013. _nAvailable via World Wide Web. _nAccess may be limited to ebrary affiliated libraries. |
||
| 650 | 0 | _aQuantum computers. | |
| 650 | 0 | _aQuantum theory. | |
| 655 | 7 |
_aElectronic books. _2local |
|
| 700 | 1 |
_aPolak, Wolfgang, _d1950- |
|
| 710 | 2 | _aebrary, Inc. | |
| 830 | 0 | _aScientific and engineering computation. | |
| 856 | 4 | 0 |
_uhttp://site.ebrary.com/lib/rucke/Doc?id=10476081 _zAn electronic book accessible through the World Wide Web; click to view |
| 999 |
_c216121 _d216121 |
||